Magic and the Millenniam. (Record no. 172823)
[ view plain ]
| 000 -LEADER | |
|---|---|
| fixed length control field | 00737cam3a220024100 4500 |
| 001 - CONTROL NUMBER | |
| control field | zam00003461 |
| 008 - FIXED-LENGTH DATA ELEMENTS--GENERAL INFORMATION | |
| fixed length control field | 951128s1973 xx eng u |
| 035 ## - SYSTEM CONTROL NUMBER | |
| System control number | (Sirsi) r20789 |
| 035 ## - SYSTEM CONTROL NUMBER | |
| System control number | (MACHINE)SLC. |
| 100 1# - MAIN ENTRY--PERSONAL NAME | |
| Personal name | Wilson, Barry Robert, 1935- |
| Dates associated with a name | Wilson, Barry Robert, 1935- |
| Linkage | A82263.1 |
| 245 10 - TITLE STATEMENT | |
| Title | Magic and the Millenniam. |
| 260 ## - PUBLICATION, DISTRIBUTION, ETC. | |
| Date of publication, distribution, etc. | 1973. |
| 591 ## - | |
| -- | Class code: S 940. |
| 591 ## - | |
| -- | Course: Sociology of religion. |
| 591 ## - | |
| -- | School: S03. |
| 591 ## - | |
| -- | Lecturer: Fr. FLYNN, E. |
| 591 ## - | |
| -- | Number of Students: 25. |
| 949 ## - LOCAL PROCESSING INFORMATION (OCLC) | |
| a | BT891 |
| w | lcc |
| i | -19827 |
| m | MAIN |
| t | BOOK |
| l | ON-SHELF |
| 949 ## - LOCAL PROCESSING INFORMATION (OCLC) | |
| a | BT891 |
| w | lcc |
| i | -19828 |
| m | MAIN |
| t | BOOK |
| l | ON-SHELF |
| 900 ## - EQUIVALENCE OR CROSS-REFERENCE-PERSONAL NAME [LOCAL, CANADA] | |
| -- | MAIN |
| Field link and sequence number | BT891 |
| -- | WIL |
| Titles and other words associated with a name | 2 |
| 909 ## - | |
| -- | Book |
No items available.